20 plus grandes villes - Chine (2020) - Statistiques

Statistiques générales
  • Ce quiz a été pris 74 fois
  • Le résultat moyen est 11 sur 20
Statistiques - réponses
Population Ville % Correct
19 M Beijing
100%
21,9 M Shanghai
98%
9,4 M Xi'an
88%
17,4 M Shenzhen
84%
13,6 M Chengdu
78%
10,5 M Wuhan
78%
9,6 M Chongqing
77%
11,1 M Tianjin
73%
16,1 M Guangzhou
63%
7,5 M Nanjing
61%
9,2 M Hangzhou
50%
6,2 M Qingdao
42%
5,6 M Changsha
38%
5,3 M Kunming
30%
6,5 M Zhengzhou
28%
7 M Shenyang
25%
5,6 M Jinan
23%
5,9 M Suzhou
23%
9,6 M Dongguan
16%
9 M Foshan
11%
Aucun quiz correspondant
Distribution des résultats
% des personnes avec chaque résultat
Percentile par nombre de réponses
Votre historique - résultats
Vous n’avez pas pris ce quiz